[Event "FRA-chT Top 12 (Women) GpB"]
[Site "Mulhouse"]
[Date "2023.05.19"]
[Round "2.3"]
[White "Thomas, Anysia"]
[Black "Uta, Adeline Ramona"]
[Result "1-0"]
[WhiteElo "2147"]
[BlackElo "2116"]
[PlyCount "87"]
[EventDate "2023.05.18"]
[EventType "team-tourn"]
[EventRounds "5"]
[EventCountry "FRA"]
[SourceTitle "CBM 214 Extra"]
[Source "ChessBase"]
[SourceDate "2023.07.31"]
[SourceVersion "1"]
[SourceVersionDate "2023.07.31"]
[SourceQuality "1"]
[WhiteTeam "Vandoeuvre (W)"]
[BlackTeam "Grasse (W)"]
[WhiteTeamCountry "FRA"]
[BlackTeamCountry "FRA"]

1. d4 Nf6 2. c4 g6 3. Nc3 Bg7 4. e4 d6 5. Nf3 0-0 6. Be2 Na6 7. Bf4 Nh5 8. Bg5 h6 9. Be3 e5 10. Qd2 Kh7 11. 0-0-0 Qe8 12. h3 f5 13. g4 fxe4 14. Nxe4 Nf4 15. dxe5 dxe5 16. Nc3 Be6 17. Bxf4 exf4 18. Rhe1 Qf7 19. Ne4 Kh8 20. Qc2 Nb4 21. Qb3 Nc6 22. Nc5 Na5 23. Qb4 Bxc4 24. Rd7 Qf6 25. Bxc4 Nxc4 26. Rxg7 Qxg7 27. Qxc4 Rfe8 28. Ne6 Qf6 29. g5 hxg5 30. Nfxg5 Re7 31. Re4 b5 32. Qd5 c6 33. Qd6 Rae8 34. Rxf4 Rxe6 35. Rxf6 Rxd6 36. Rxd6 Re1+ 37. Kd2 Rb1 38. Kc2 Rf1 39. Ne4 Re1 40. Nd2 Kg7 41. Rxc6 Re2 42. f3 Rh2 43. Rc7+ Kf6 44. Rxa7 1-0

[Event "Titled Tuesday intern op 09th May Early"]
[Site "Chess.com INT"]
[Date "2023.05.09"]
[Round "5"]
[White "Panda, Sambit"]
[Black "Thomas, Anysia"]
[Result "1-0"]
[WhiteElo "2436"]
[BlackElo "2147"]
[PlyCount "91"]
[EventDate "2023.05.09"]
[EventType "swiss (blitz)"]
[EventRounds "11"]
[EventCountry "USA"]
[SourceTitle "CBM 214 Extra"]
[Source "ChessBase"]
[SourceDate "2023.07.31"]
[SourceVersion "1"]
[SourceVersionDate "2023.07.31"]
[SourceQuality "1"]

1. c4 g6 2. Nf3 Bg7 3. Nc3 c5 4. g3 Nc6 5. Bg2 e6 6. 0-0 Nge7 7. b3 0-0 8. Bb2 d5 9. e3 b6 10. Rb1 Bb7 11. Qe2 Re8 12. d3 Nf5 13. Rfd1 Rb8 14. Ne1 d4 15. Ne4 Nd6 16. Nc2 Nxe4 17. Bxe4 f5 18. Bg2 e5 19. Bd5+ Kh8 20. e4 Qf6 21. a3 f4 22. Ne1 Rf8 23. Kg2 Bc8 24. f3 Ne7 25. b4 Nxd5 26. cxd5 Qg5 27. Bc1 Qh5 28. bxc5 Qh3+ 29. Kg1 fxg3 30. hxg3 Qxg3+ 31. Qg2 Qh4 32. Bg5 Qh5 33. c6 Bh3 34. Qg3 h6 35. Bh4 g5 36. Qxh3 gxh4 37. Rb2 Bf6 38. Rg2 Bg5 39. Rg4 Be3+ 40. Kh1 Rg8 41. Ng2 Rbf8 42. Rxh4 Qxf3 43. Qxf3 Rxf3 44. Nxe3 Rxe3 45. d6 Rg6 46. d7 1-0

[Event "Titled Tuesday intern op 09th May Early"]
[Site "Chess.com INT"]
[Date "2023.05.09"]
[Round "3"]
[White "Thomas, Anysia"]
[Black "Arat, Ufuk Sezen"]
[Result "0-1"]
[WhiteElo "2147"]
[BlackElo "2389"]
[PlyCount "88"]
[EventDate "2023.05.09"]
[EventType "swiss (blitz)"]
[EventRounds "11"]
[EventCountry "USA"]
[SourceTitle "CBM 214 Extra"]
[Source "ChessBase"]
[SourceDate "2023.07.31"]
[SourceVersion "1"]
[SourceVersionDate "2023.07.31"]
[SourceQuality "1"]

1. d4 Nf6 2. c4 g6 3. Nc3 d5 4. cxd5 Nxd5 5. e4 Nxc3 6. bxc3 Bg7 7. Be3 c5 8. Nf3 0-0 9. Be2 cxd4 10. cxd4 Bg4 11. 0-0 Nc6 12. d5 Na5 13. Rc1 Rc8 14. Qa4 Rxc1 15. Rxc1 a6 16. Qb4 b5 17. Bg5 f6 18. Bf4 Bxf3 19. Bxf3 Nc4 20. Be2 Ne5 21. Bxe5 fxe5 22. Bg4 Qb6 23. Rc2 Bf6 24. Be6+ Kg7 25. g3 a5 26. Qc5 Qxc5 27. Rxc5 Rb8 28. Bd7 b4 29. Rxa5 b3 30. axb3 Rxb3 31. Ra7 Kh6 32. Kg2 Rb2 33. Be6 Bg5 34. Kf3 Rb3+ 35. Kg2 Rb2 36. Kf3 Bd2 37. Rxe7 Be1 38. Rf7 Rxf2+ 39. Ke3 Rxh2 40. Rf1 Bb4 41. Rb1 Bc5+ 42. Kf3 Rd2 43. Rc1 Ba3 44. Rh1+ Kg7 0-1

[Event "Titled Tuesday intern op 18th Apr Early"]
[Site "Chess.com INT"]
[Date "2023.04.18"]
[Round "1"]
[White "Carnicelli, Valerio"]
[Black "Thomas, Anysia"]
[Result "1/2-1/2"]
[WhiteElo "2370"]
[BlackElo "2175"]
[PlyCount "87"]
[EventDate "2023.04.18"]
[EventType "swiss (blitz)"]
[EventRounds "11"]
[EventCountry "USA"]
[SourceTitle "EXT 2024"]
[Source "ChessBase"]
[SourceDate "2023.10.10"]
[SourceVersion "1"]
[SourceVersionDate "2023.10.10"]
[SourceQuality "1"]

1. b3 d5 2. Bb2 Nd7 3. e3 Ngf6 4. Nf3 g6 5. c4 c6 6. cxd5 cxd5 7. Bb5 Bg7 8. Ne5 0-0 9. Nxd7 Bxd7 10. Bxd7 Qxd7 11. 0-0 Rfe8 12. d3 e5 13. Nd2 Rac8 14. Rc1 Qb5 15. Rxc8 Rxc8 16. Qb1 Ng4 17. h3 Nh6 18. Rc1 Rxc1+ 19. Qxc1 Qc6 20. Nf3 Qxc1+ 21. Bxc1 Nf5 22. Bb2 e4 23. dxe4 dxe4 24. Bxg7 Kxg7 25. Nd2 Nd6 26. Kf1 f5 27. Ke2 Kf6 28. Kd1 Ke5 29. Kc2 g5 30. Kc3 b5 31. Kb4 f4 32. Kc5 fxe3 33. fxe3 h5 34. Nf1 a5 35. a4 bxa4 36. bxa4 g4 37. hxg4 hxg4 38. Ng3 Nb7+ 39. Kc6 Nd6 40. Kc5 Nb7+ 41. Kc4 Nd6+ 42. Kc3 Nb7 43. Kc4 Nd6+ 44. Kc5 1/2-1/2

[Event "Titled Tuesday intern op 18th Apr Early"]
[Site "Chess.com INT"]
[Date "2023.04.18"]
[Round "4"]
[White "Thomas, Anysia"]
[Black "Principe, Gerson"]
[Result "0-1"]
[WhiteElo "2175"]
[BlackElo "2232"]
[PlyCount "60"]
[EventDate "2023.04.18"]
[EventType "swiss (blitz)"]
[EventRounds "11"]
[EventCountry "USA"]
[SourceTitle "EXT 2024"]
[Source "ChessBase"]
[SourceDate "2023.10.10"]
[SourceVersion "1"]
[SourceVersionDate "2023.10.10"]
[SourceQuality "1"]

1. d4 Nf6 2. c4 c5 3. d5 e5 4. Nc3 d6 5. e4 Be7 6. h3 0-0 7. Nf3 Ne8 8. g4 Na6 9. Be3 Nac7 10. Be2 a6 11. a4 b6 12. Qd2 Rb8 13. h4 Bd7 14. g5 b5 15. axb5 axb5 16. cxb5 Nxb5 17. Nxb5 Bxb5 18. Bxb5 Rxb5 19. h5 Qb6 20. Rb1 Nc7 21. Qe2 Rb8 22. Bc1 Qa5+ 23. Kf1 Qa2 24. Qc2 Na6 25. g6 Nb4 26. gxh7+ Kxh7 27. Qe2 Qxb1 28. Kg2 Qd3 29. Qe1 Nc2 30. Qg1 Qxe4 0-1

[Event "Mitropa Cup (Women)"]
[Site "Mali Losinj"]
[Date "2023.04.17"]
[Round "7.15"]
[White "Exler, Veronika"]
[Black "Thomas, Anysia"]
[Result "1/2-1/2"]
[WhiteElo "2123"]
[BlackElo "2175"]
[PlyCount "98"]
[EventDate "2023.04.11"]
[EventType "team-tourn"]
[EventRounds "9"]
[EventCountry "CRO"]
[SourceTitle "CBM 213 Extra"]
[Source "ChessBase"]
[SourceDate "2023.05.31"]
[SourceVersion "1"]
[SourceVersionDate "2023.05.31"]
[SourceQuality "1"]
[WhiteTeam "Austria (W)"]
[BlackTeam "France (W)"]
[WhiteTeamCountry "AUT"]
[BlackTeamCountry "FRA"]

1. d4 Nf6 2. c4 g6 3. Nf3 Bg7 4. g3 0-0 5. Bg2 d6 6. 0-0 Nc6 7. Nc3 e5 8. e4 Bg4 9. d5 Nd4 10. Be3 Nd7 11. Bxd4 exd4 12. Ne2 d3 13. Qxd3 Bxb2 14. Rab1 Bg7 15. Nfd4 Nc5 16. Qc2 Qe7 17. f3 Bd7 18. Nb3 Ba4 19. Qd2 Bxb3 20. axb3 a5 21. Nd4 Rfe8 22. Bh3 Qe5 23. Rfd1 Qxd4+ 24. Qxd4 Bxd4+ 25. Rxd4 Ra6 26. Rd2 Rb6 27. Ra2 Rxb3 28. Rxb3 Nxb3 29. Ra3 Nd2 30. Bf1 Nxf1 31. Kxf1 b6 32. Kf2 Re5 33. Ke3 f5 34. Kf4 g5+ 35. Ke3 Kf7 36. h3 Kf6 37. Kd4 Re7 38. Ra2 Kg6 39. Re2 fxe4 40. fxe4 Rf7 41. e5 dxe5+ 42. Rxe5 h5 43. Re6+ Rf6 44. Re7 Rf7 45. Re6+ Kf5 46. Re5+ Kf6 47. Re6+ Kf5 48. Re5+ Kf6 49. Re6+ Kf5 1/2-1/2

[Event "Titled Tuesday intern op 11th Apr Late"]
[Site "Chess.com INT"]
[Date "2023.04.11"]
[Round "7"]
[White "Kozin, Yuri"]
[Black "Thomas, Anysia"]
[Result "0-1"]
[WhiteElo "2251"]
[BlackElo "2175"]
[PlyCount "70"]
[EventDate "2023.04.11"]
[EventType "swiss (blitz)"]
[EventRounds "11"]
[EventCountry "USA"]
[SourceTitle "CBM 213 Extra"]
[Source "ChessBase"]
[SourceDate "2023.05.31"]
[SourceVersion "1"]
[SourceVersionDate "2023.05.31"]
[SourceQuality "1"]

1. e4 c5 2. Nf3 g6 3. d4 cxd4 4. Nxd4 Nc6 5. Nc3 Bg7 6. Be3 Nf6 7. Bc4 0-0 8. Bb3 d6 9. h3 Qa5 10. 0-0 Bd7 11. Nd5 Nxd5 12. exd5 Nxd4 13. Bxd4 Rac8 14. Bxg7 Kxg7 15. Re1 Rfe8 16. Qd4+ Kg8 17. Re2 Qc5 18. Qh4 Bb5 19. Rxe7 Rxe7 20. Qxe7 Re8 21. Qh4 Re2 22. Rd1 a5 23. a4 Ba6 24. Qd4 Re1+ 25. Kh2 Rxd1 26. Qxd1 Qxf2 27. Qg4 Kg7 28. Qg3 Qf6 29. c3 h5 30. h4 Be2 31. Bc2 Bc4 32. Be4 Qe7 33. Qe3 Qe5+ 34. Kg1 Bxd5 35. Qd4 Bxe4 0-1

[Event "Titled Tuesday intern op 11th Apr Late"]
[Site "Chess.com INT"]
[Date "2023.04.11"]
[Round "4"]
[White "Lorenzo de la Riva, Lazaro"]
[Black "Thomas, Anysia"]
[Result "1-0"]
[WhiteElo "2417"]
[BlackElo "2175"]
[PlyCount "99"]
[EventDate "2023.04.11"]
[EventType "swiss (blitz)"]
[EventRounds "11"]
[EventCountry "USA"]
[SourceTitle "CBM 213 Extra"]
[Source "ChessBase"]
[SourceDate "2023.05.31"]
[SourceVersion "1"]
[SourceVersionDate "2023.05.31"]
[SourceQuality "1"]

1. f4 g6 2. e4 c5 3. Nf3 Bg7 4. Be2 Nc6 5. 0-0 d5 6. d3 Nf6 7. e5 Nd7 8. c3 e6 9. d4 h5 10. Na3 Bf8 11. Nc2 Be7 12. Be3 b6 13. a3 Bb7 14. b4 c4 15. a4 f6 16. exf6 Nxf6 17. Ng5 Qd7 18. Ne1 0-0 19. h3 Nh7 20. Ngf3 Bd6 21. Qd2 Ne7 22. Ne5 Bxe5 23. fxe5 Nf5 24. Bf4 Rf7 25. g4 Ng7 26. a5 b5 27. a6 Bc6 28. Ng2 Raf8 29. Bh6 hxg4 30. hxg4 Rxf1+ 31. Bxf1 Qf7 32. Nf4 g5 33. Bxg7 Qxf4 34. Qxf4 Rxf4 35. Bf6 Rxg4+ 36. Bg2 Nxf6 37. exf6 Kf7 38. Kf2 Rf4+ 39. Kg3 Kxf6 40. Rh1 Rh4 41. Rf1+ Ke7 42. Re1 Kd6 43. Re5 Rh5 44. Bf3 Rh8 45. Rxg5 Bd7 46. Rg7 Re8 47. Bg4 Re7 48. Rg8 Re8 49. Rg5 Bc8 50. Rg7 1-0

[Event "Titled Tuesday intern op 11th Apr Late"]
[Site "Chess.com INT"]
[Date "2023.04.11"]
[Round "3"]
[White "Schmakel, Sam A"]
[Black "Thomas, Anysia"]
[Result "1-0"]
[WhiteElo "2420"]
[BlackElo "2175"]
[PlyCount "95"]
[EventDate "2023.04.11"]
[EventType "swiss (blitz)"]
[EventRounds "11"]
[EventCountry "USA"]
[SourceTitle "CBM 213 Extra"]
[Source "ChessBase"]
[SourceDate "2023.05.31"]
[SourceVersion "1"]
[SourceVersionDate "2023.05.31"]
[SourceQuality "1"]

1. Nf3 g6 2. g3 Bg7 3. Bg2 c5 4. c3 Nc6 5. d4 cxd4 6. cxd4 d5 7. 0-0 Nf6 8. Nc3 0-0 9. Bf4 Bf5 10. Qb3 b6 11. Rfc1 Na5 12. Qd1 Rc8 13. Ne5 Nc4 14. Nxc4 dxc4 15. Bb7 Nh5 16. Bxc8 Qxc8 17. Be5 f6 18. Bf4 Nxf4 19. gxf4 Bh3 20. e3 e5 21. Qf3 Bg4 22. Qg3 exf4 23. Qxf4 g5 24. Qg3 h5 25. b3 h4 26. Qg2 Bh3 27. Qd5+ Kh7 28. bxc4 Rd8 29. Qf3 Bg4 30. Qg2 Bh3 31. Qf3 Bg4 32. Qh1 Bh3 33. f3 Qxc4 34. Kf2 f5 35. Ne2 Qd3 36. Qd1 Qa3 37. Rc3 Qd6 38. Kg1 Rd7 39. Qd3 Kh6 40. Rac1 Qd5 41. Rc6+ Kh7 42. Kf2 Rd6 43. Rxd6 Qxd6 44. Kg1 Qd5 45. e4 Qxa2 46. exf5 Qb2 47. f6+ Kh6 48. fxg7 1-0

[Event "Titled Tuesday intern op 21st Feb Early"]
[Site "Chess.com INT"]
[Date "2023.02.21"]
[Round "1"]
[White "Deng, Henry"]
[Black "Thomas, Anysia"]
[Result "1-0"]
[WhiteElo "2117"]
[BlackElo "2184"]
[PlyCount "55"]
[EventDate "2023.02.21"]
[EventType "swiss (blitz)"]
[EventRounds "11"]
[EventCountry "USA"]
[SourceTitle "CBM 212 Extra"]
[Source "ChessBase"]
[SourceDate "2023.03.31"]
[SourceVersion "1"]
[SourceVersionDate "2023.03.31"]
[SourceQuality "1"]

1. e4 c5 2. Nc3 Nc6 3. Bb5 Nd4 4. Nf3 g6 5. Ba4 Qa5 6. 0-0 b5 7. Nxd4 cxd4 8. b4 Qxb4 9. Rb1 Qa5 10. Nxb5 Qxa4 11. Nc7+ Kd8 12. Nxa8 Bg7 13. Qf3 Nh6 14. d3 Qc6 15. e5 Qxf3 16. gxf3 Nf5 17. Bf4 h6 18. e6 d6 19. exf7 g5 20. Bd2 Kd7 21. Ba5 Ba6 22. Nc7 Bc8 23. Ne8 Bf6 24. Nxf6+ exf6 25. Rfe1 Rf8 26. Rb8 Rxf7 27. Reb1 Nh4 28. Kf1 1-0

[Event "Titled Tuesday intern op 21st Feb Early"]
[Site "Chess.com INT"]
[Date "2023.02.21"]
[Round "3"]
[White "Thomas, Anysia"]
[Black "Abdilkhair, Abilmansur"]
[Result "0-1"]
[WhiteElo "2184"]
[BlackElo "2268"]
[PlyCount "66"]
[EventDate "2023.02.21"]
[EventType "swiss (blitz)"]
[EventRounds "11"]
[EventCountry "USA"]
[SourceTitle "CBM 212 Extra"]
[Source "ChessBase"]
[SourceDate "2023.03.31"]
[SourceVersion "1"]
[SourceVersionDate "2023.03.31"]
[SourceQuality "1"]

1. d4 e6 2. c4 Nf6 3. Nf3 d5 4. g3 c6 5. Bg2 dxc4 6. a4 b5 7. axb5 cxb5 8. Ne5 Nd5 9. e4 Nb6 10. Qh5 Bb4+ 11. Nc3 0-0 12. 0-0 Bb7 13. Nxb5 f6 14. Ng4 a6 15. Nc3 Qxd4 16. Be3 Qd6 17. e5 Qc7 18. Bxb7 Qxb7 19. exf6 gxf6 20. Nh6+ Kh8 21. Qg4 Nc6 22. Qxe6 Ne5 23. Qxb6 Nf3+ 24. Kg2 Ne1+ 25. Kh3 Qg2+ 26. Kg4 Rg8+ 27. Kf5 Qh3+ 28. g4 Qf3+ 29. Bf4 Rg6 30. Nf7+ Kg7 31. Qxf6+ Rxf6+ 32. Kg5 Qxf4+ 33. Kh4 Rh6+ 0-1

[Event "Titled Tuesday intern op 14th Feb Early"]
[Site "Chess.com INT"]
[Date "2023.02.14"]
[Round "9"]
[White "Vargas, Mauricio"]
[Black "Thomas, Anysia"]
[Result "0-1"]
[WhiteElo "2056"]
[BlackElo "2184"]
[PlyCount "76"]
[EventDate "2023.02.14"]
[EventType "swiss (blitz)"]
[EventRounds "11"]
[EventCountry "USA"]
[SourceTitle "CBM 212 Extra"]
[Source "ChessBase"]
[SourceDate "2023.03.31"]
[SourceVersion "1"]
[SourceVersionDate "2023.03.31"]
[SourceQuality "1"]

1. e4 c5 2. Nc3 Nc6 3. f4 g6 4. Nf3 Bg7 5. Bb5 Nd4 6. Bf1 d6 7. d3 Nf6 8. h3 0-0 9. g3 d5 10. e5 Nh5 11. g4 Ng3 12. Rg1 Nxf1 13. Rxf1 f6 14. Bd2 Nxf3+ 15. Rxf3 fxe5 16. fxe5 Bxe5 17. Qe2 Rxf3 18. Qxf3 Be6 19. 0-0-0 Qd7 20. Bh6 Bg7 21. Bg5 Rf8 22. Qg3 b5 23. Re1 b4 24. Nb1 c4 25. Qe3 Bf7 26. dxc4 dxc4 27. Qc5 b3 28. axb3 cxb3 29. Nc3 bxc2 30. Kxc2 Qb7 31. Qa3 Rc8 32. Rxe7 Qg2+ 33. Kb1 Qf1+ 34. Bc1 Qd3+ 35. Ka1 Qc2 36. Re1 Bb3 37. Qxa7 Bxc3 38. Re8+ Rxe8 0-1

[Event "Titled Tuesday intern op 31st Jan Early"]
[Site "Chess.com INT"]
[Date "2023.01.31"]
[Round "10"]
[White "Thomas, Anysia"]
[Black "Begunov, Konstantin"]
[Result "1-0"]
[WhiteElo "2174"]
[BlackElo "2325"]
[PlyCount "87"]
[EventDate "2023.01.31"]
[EventType "swiss (blitz)"]
[EventRounds "11"]
[EventCountry "USA"]
[SourceTitle "CBM 212 Extra"]
[Source "ChessBase"]
[SourceDate "2023.03.31"]
[SourceVersion "1"]
[SourceVersionDate "2023.03.31"]
[SourceQuality "1"]

1. d4 d5 2. c4 c6 3. Nf3 Nf6 4. e3 a6 5. Qb3 b5 6. c5 a5 7. a4 b4 8. Ne5 Nfd7 9. f4 Nxe5 10. fxe5 f6 11. exf6 exf6 12. Bd3 Ba6 13. 0-0 g6 14. e4 dxe4 15. Bxa6 Rxa6 16. Qe6+ Be7 17. Be3 f5 18. g4 Qd5 19. Qc8+ Qd8 20. Qxd8+ Kxd8 21. gxf5 Nd7 22. Nd2 Nf6 23. Nc4 Nd5 24. Bf4 Ra7 25. fxg6 hxg6 26. Be5 Rh5 27. Rae1 e3 28. Nb6 Rf5 29. Nxd5 cxd5 30. Rxf5 gxf5 31. Rxe3 Kd7 32. Rf3 Ke6 33. Rh3 Bg5 34. Rh5 Be3+ 35. Kf1 Rf7 36. Ke2 f4 37. Kf3 Bc1 38. Rh6+ Kd7 39. b3 Ke8 40. c6 Be3 41. c7 Kd7 42. Rh8 Bxd4 43. c8Q+ Ke7 44. Re8# 1-0

[Event "Titled Tuesday intern op 17th Jan Early"]
[Site "Chess.com INT"]
[Date "2023.01.17"]
[Round "9"]
[White "Andreev, Konstantin"]
[Black "Thomas, Anysia"]
[Result "1-0"]
[WhiteElo "2130"]
[BlackElo "2174"]
[PlyCount "71"]
[EventDate "2023.01.17"]
[EventType "swiss (blitz)"]
[EventRounds "11"]
[EventCountry "USA"]
[SourceTitle "CBM 212 Extra"]
[Source "ChessBase"]
[SourceDate "2023.03.31"]
[SourceVersion "1"]
[SourceVersionDate "2023.03.31"]
[SourceQuality "1"]

1. e4 c5 2. Nf3 g6 3. d4 cxd4 4. Nxd4 Nc6 5. Nc3 Bg7 6. Be3 Nf6 7. Bc4 0-0 8. f3 Qb6 9. Bb3 Nxe4 10. fxe4 Bxd4 11. Bh6 Bf2+ 12. Kf1 Bh4 13. Qd2 Re8 14. Qf4 Bf6 15. Nd5 Qd4 16. Nc7 b6 17. c3 Ba6+ 18. Ke1 Qd3 19. Nxa6 Qxa6 20. Bg5 Na5 21. Bc2 b5 22. h4 Nc4 23. h5 Qe6 24. hxg6 fxg6 25. Ke2 Bxg5 26. Qxg5 Rf8 27. Rh3 Rf7 28. Rah1 Nxb2 29. Bb3 Qxe4+ 30. Kd2 Nc4+ 31. Kc1 Na3 32. Kb2 Qb1+ 33. Rxb1 Nxb1 34. Kxb1 a5 35. Bxf7+ Kxf7 36. Rxh7+ 1-0

[Event "Titled Tuesday intern op 17th Jan Early"]
[Site "Chess.com INT"]
[Date "2023.01.17"]
[Round "5"]
[White "Eynullayev, Atilla Elshan"]
[Black "Thomas, Anysia"]
[Result "1-0"]
[WhiteElo "2281"]
[BlackElo "2174"]
[PlyCount "43"]
[EventDate "2023.01.17"]
[EventType "swiss (blitz)"]
[EventRounds "11"]
[EventCountry "USA"]
[SourceTitle "CBM 212 Extra"]
[Source "ChessBase"]
[SourceDate "2023.03.31"]
[SourceVersion "1"]
[SourceVersionDate "2023.03.31"]
[SourceQuality "1"]

1. d4 Nf6 2. c4 g6 3. Nc3 d5 4. cxd5 Nxd5 5. e4 Nxc3 6. bxc3 Bg7 7. Nf3 c5 8. Bb5+ Nd7 9. 0-0 0-0 10. Re1 a6 11. Bf1 Nf6 12. h3 b5 13. a4 Bb7 14. d5 Nd7 15. axb5 Bxc3 16. Bh6 Re8 17. bxa6 Ne5 18. axb7 Rxa1 19. Qxa1 Bxa1 20. Rxa1 Nxf3+ 21. gxf3 Qb6 22. Ra8 1-0

[Event "Titled Tuesday intern op 17th Jan Early"]
[Site "Chess.com INT"]
[Date "2023.01.17"]
[Round "7"]
[White "Thomas, Anysia"]
[Black "Ibadov, Dashgyn"]
[Result "0-1"]
[WhiteElo "2174"]
[BlackElo "2333"]
[PlyCount "74"]
[EventDate "2023.01.17"]
[EventType "swiss (blitz)"]
[EventRounds "11"]
[EventCountry "USA"]
[SourceTitle "CBM 212 Extra"]
[Source "ChessBase"]
[SourceDate "2023.03.31"]
[SourceVersion "1"]
[SourceVersionDate "2023.03.31"]
[SourceQuality "1"]

1. d4 Nf6 2. c4 e6 3. Nf3 d5 4. g3 c6 5. Bg2 Be7 6. 0-0 0-0 7. Qc2 b6 8. Nbd2 Bb7 9. e4 Na6 10. a3 c5 11. e5 Nd7 12. cxd5 Bxd5 13. Re1 cxd4 14. Nxd4 Bxg2 15. Kxg2 Nxe5 16. Nxe6 fxe6 17. Rxe5 Qd4 18. Re3 Rac8 19. Qe4 Qxe4+ 20. Nxe4 Rc2 21. b4 Rfc8 22. Re1 Nc7 23. Bg5 Bxg5 24. Nxg5 Rf8 25. Rf1 h6 26. Ne4 Nd5 27. Rae1 Ra2 28. Nd6 Rxa3 29. Rxe6 Nxb4 30. Rfe1 Ra2 31. R1e2 Rxe2 32. Rxe2 a5 33. Nc4 a4 34. Nxb6 a3 35. Re1 Rxf2+ 36. Kxf2 Nd3+ 37. Ke2 Nxe1 0-1

[Event "Titled Tuesday intern op 17th Jan Early"]
[Site "Chess.com INT"]
[Date "2023.01.17"]
[Round "4"]
[White "Thomas, Anysia"]
[Black "Limon Olmos, Ivan Alonso"]
[Result "1-0"]
[WhiteElo "2174"]
[BlackElo "2140"]
[PlyCount "59"]
[EventDate "2023.01.17"]
[EventType "swiss (blitz)"]
[EventRounds "11"]
[EventCountry "USA"]
[SourceTitle "CBM 212 Extra"]
[Source "ChessBase"]
[SourceDate "2023.03.31"]
[SourceVersion "1"]
[SourceVersionDate "2023.03.31"]
[SourceQuality "1"]

1. d4 d5 2. c4 e6 3. Nf3 Nf6 4. g3 Be7 5. Bg2 0-0 6. 0-0 b6 7. cxd5 exd5 8. Ne5 Bb7 9. b3 Nbd7 10. Bb2 c5 11. e3 Nxe5 12. dxe5 Ne4 13. h4 Qc7 14. Nd2 Nxd2 15. Qxd2 Rfd8 16. Rad1 Rac8 17. Qe2 c4 18. Bd4 b5 19. Qg4 a5 20. h5 Qc6 21. f4 Bc5 22. f5 Bxd4 23. exd4 Qh6 24. f6 Rc7 25. e6 fxe6 26. Qxe6+ Rf7 27. Rde1 Bc8 28. Qe8+ Rxe8 29. Rxe8+ Rf8 30. f7+ 1-0